[Event "Titled Tuesday intern op 09th Mar"]
[Site "Chess.com INT"]
[Date "2021.03.09"]
[Round "8"]
[White "Huschenbeth, Niclas"]
[Black "Kilpatrick, Callum"]
[Result "1-0"]
[WhiteElo "2604"]
[BlackElo "2381"]
[PlyCount "65"]
[EventDate "2021.03.09"]
[EventType "swiss (blitz)"]
[EventRounds "11"]
[EventCountry "USA"]
[SourceTitle "CBM 201 Extra"]
[Source "ChessBase"]
[SourceDate "2021.05.31"]
[SourceVersion "1"]
[SourceVersionDate "2021.05.31"]
[SourceQuality "1"]

1. e4 e5 2. Nf3 Nc6 3. Bc4 Nf6 4. d4 exd4 5. e5 d5 6. Bb5 Nd7 7. Bxc6 bxc6 8. Nxd4 Nb8 9. 0-0 Be7 10. f4 c5 11. Nb3 Nc6 12. Nc3 d4 13. Ne4 Qd5 14. Qf3 Be6 15. Nexc5 Bxc5 16. Qxd5 Bxd5 17. Nxc5 Nb4 18. Rf2 0-0 19. a3 Nc6 20. Bd2 f5 21. exf6 Rxf6 22. Re1 Kf7 23. f5 h6 24. g4 Re8 25. Rxe8 Kxe8 26. Bf4 Kd8 27. g5 Rf7 28. gxh6 gxh6 29. Bxh6 Ne7 30. Bg5 Ke8 31. Re2 Kf8 32. Nd7+ Kg8 33. Rxe7 1-0

[Event "Titled Tuesday intern op 09th Mar"]
[Site "Chess.com INT"]
[Date "2021.03.09"]
[Round "2"]
[White "Kilpatrick, Callum"]
[Black "Vifleemskaia, Svetlana"]
[Result "1-0"]
[WhiteElo "2381"]
[BlackElo "1926"]
[PlyCount "49"]
[EventDate "2021.03.09"]
[EventType "swiss (blitz)"]
[EventRounds "11"]
[EventCountry "USA"]
[SourceTitle "CBM 201 Extra"]
[Source "ChessBase"]
[SourceDate "2021.05.31"]
[SourceVersion "1"]
[SourceVersionDate "2021.05.31"]
[SourceQuality "1"]

1. e4 e5 2. Nf3 Nc6 3. Nc3 Nf6 4. d4 exd4 5. Nxd4 Bb4 6. Nxc6 bxc6 7. Bd3 d5 8. exd5 cxd5 9. 0-0 0-0 10. h3 c6 11. Qf3 h6 12. Ne2 Bd6 13. Ng3 Rb8 14. Nf5 Bxf5 15. Qxf5 g6 16. Qf3 Kg7 17. c4 Be5 18. Re1 Bxb2 19. Bf4 Bxa1 20. Rxa1 Re8 21. Rc1 Ne4 22. cxd5 cxd5 23. Rc7 Qf6 24. Bxe4 Rxe4 25. Bxh6+ 1-0

[Event "Titled Tuesday intern op 09th Mar"]
[Site "Chess.com INT"]
[Date "2021.03.09"]
[Round "7"]
[White "Krzyzanowski, Marcin"]
[Black "Kilpatrick, Callum"]
[Result "0-1"]
[WhiteElo "2503"]
[BlackElo "2381"]
[PlyCount "144"]
[EventDate "2021.03.09"]
[EventType "swiss (blitz)"]
[EventRounds "11"]
[EventCountry "USA"]
[SourceTitle "CBM 201 Extra"]
[Source "ChessBase"]
[SourceDate "2021.05.31"]
[SourceVersion "1"]
[SourceVersionDate "2021.05.31"]
[SourceQuality "1"]

1. c4 Nf6 2. g3 g6 3. Bg2 Bg7 4. Nc3 0-0 5. e4 d6 6. d3 c5 7. Nge2 Nc6 8. 0-0 e5 9. h3 Rb8 10. Nd5 Nd4 11. Nxd4 cxd4 12. Nxf6+ Bxf6 13. a4 Be6 14. f4 Bg7 15. f5 gxf5 16. exf5 Bd7 17. f6 Bxf6 18. Qh5 Bg7 19. Bd5 Be6 20. Be4 f5 21. Bxf5 Bxf5 22. Rxf5 Rxf5 23. Qxf5 Qf6 24. Qxf6 Bxf6 25. a5 Kf7 26. Ra3 Ke6 27. Bd2 Rg8 28. Kg2 Bg5 29. Bxg5 Rxg5 30. Rb3 Rg7 31. Kf3 Rf7+ 32. Ke2 Rg7 33. g4 Rf7 34. Rb5 Kd7 35. b4 Kc6 36. a6 b6 37. Rd5 h5 38. g5 h4 39. b5+ Kc7 40. g6 Rg7 41. Kf3 Rxg6 42. Ke4 Rg3 43. Kf5 Rxh3 44. Ke6 Rg3 45. c5 bxc5 46. b6+ axb6 47. a7 Kb7 48. Kxd6 Kxa7 49. Kc6 h3 50. Rd7+ Ka6 51. Rd8 Ka5 52. Rh8 Rxd3 53. Kd5 Kb4 54. Rh6 e4 55. Rxb6+ Kc3 56. Rh6 e3 57. Rxh3 e2 58. Rh1 Kd2 59. Rh2 Kd1 60. Kc4 e1Q 61. Kxd3 Qg3+ 62. Kc4 Qxh2 63. Kd5 Qd2 64. Ke4 d3 65. Kf3 c4 66. Ke4 c3 67. Kd5 c2 68. Kc4 c1Q+ 69. Kb3 Qcc3+ 70. Ka4 Qa2+ 71. Kb5 Qab2+ 72. Ka6 Qca3# 0-1

[Event "Titled Tuesday intern op 09th Mar"]
[Site "Chess.com INT"]
[Date "2021.03.09"]
[Round "10"]
[White "Maksimovic, Bojan"]
[Black "Kilpatrick, Callum"]
[Result "1-0"]
[WhiteElo "2416"]
[BlackElo "2381"]
[PlyCount "47"]
[EventDate "2021.03.09"]
[EventType "swiss (blitz)"]
[EventRounds "11"]
[EventCountry "USA"]
[SourceTitle "CBM 201 Extra"]
[Source "ChessBase"]
[SourceDate "2021.05.31"]
[SourceVersion "1"]
[SourceVersionDate "2021.05.31"]
[SourceQuality "1"]

1. Nf3 Nf6 2. Ng1 g6 3. Nf3 Bg7 4. Ng1 0-0 5. Nf3 d5 6. Ng1 e5 7. g3 e4 8. Bg2 c5 9. d3 exd3 10. cxd3 Nc6 11. Nf3 Re8 12. 0-0 d4 13. Bg5 h6 14. Bxf6 Qxf6 15. Nbd2 b6 16. a3 Bb7 17. Rc1 a5 18. Nc4 Qd8 19. Qb3 Ra6 20. Rfe1 a4 21. Qd1 b5 22. Ncd2 Bf8 23. Ne4 Qd5 24. Nf6+ 1-0